1236 1655 1493 1885 1509 1394 1119 1841 1148 1584 1205 1657 1925 1312 1018 1342 1101 1327 1659 1754 1732 1534 1799 1162 1869 1532 1384 1813 1380 1145 1724 1653 1485 1420 1192 1312 1321 1775 1221 1067 1683 1164 1790 1375 1102 1567 1008 1652 1200 1638 1245 1316 1796 1687 1028 1107 1355 1777 1249 1313 1672 1177 1101 1173 1901 1694 1761 1713 1101 1574 1154 1841 1955 1653 1770 1555 1848 1122 1561 1250 1107 1608 1955 1425 1720 1186 1682 1382 1645 1840 1002 1856 1126 1799 1274 1149 1993 1249 1076 BCNSPRNW ULIB Ver.6.0+V

เปลี่ยนเป็นภาษาไทย

Change to English
 แสดงรายละเอียดบรรณานุกรม
  กลับหน้าหลัก

Brief Record : Get Marc (ISO 2709) : E-mail record : QR code < ปิดหน้าต่าง
LEADER : 00000nam 2200000uu 4500
001    13399113602
003     ULIB
008    111201s2550||||th 000 0 tha d
020    ^a9789747503708
090    ^aนว.^bว820ร 2550
100 0  ^aวีสาม
245 00 ^aLove me do...รักเจ้าเอย/^cวีสาม
250    ^aพิมพ์ครั้งที่ 2
260    ^aกรุงเทพฯ :^bแจ่มใส,^c2550
300    ^a383 หน้า
710 1  ^aแจ่มใส
945    ^p229^l0^i14060
995    ^aทศพร
999    ^aใช้งานได้ทุกระบบ
รายการนี้ยังไม่มีแท็ก
คุณยังไม่ได้ล็อกอิน คุณสามารถมีกิจกรรมร่วมกับเว็บไซต์ได้ แต่ต้องล็อกอินก่อน ::
  ล็อกอิน

รายการสื่อสารสนเทศ

ลำดับที่ ประเภท เลขเรียก/บาร์โค้ด สถานที่ สถานะ
1. นวนิยาย
นวนิยาย
นว. ว820ร 2550 ฉ.1 
  Barcode: 14060
ห้องสมุดวิทยาเขตสวรรค์ประชารักษ์
►นวนิยาย
บนชั้น
  ขอยืม

รายการใกล้เคียง
    ผู้แต่ง [วีสาม]

BibComment


ยังไม่เคยถูกคอมเมนท์

คอมเมนท์ทรัพยากรรายการนี้
  คอมเมนท์: Love me doรักเจ้..


 Copyright 2026. Bcnsprnw @Library